| 000 | 00383nam a22001457a 4500 | ||
|---|---|---|---|
| 003 | OSt | ||
| 005 | 20251126141742.0 | ||
| 007 | 720 pages | ||
| 008 | 251126b |||||||| |||| 00| 0 eng d | ||
| 040 | _c | ||
| 245 |
_aElements of Workshop technology Vol.2 _bMachine tools _cChoudhury,Hajra,S.K |
||
| 250 | _a16 | ||
| 260 |
_bMedia Promoters _c2023 |
||
| 942 |
_2ddc _cBK _e16 _k621.9 _mCHO _n0 |
||
| 999 |
_c36293 _d36293 |
||